000 01234 a2200193 4500
020 _a1596930101
040 _aDLC
_bDLC
082 _a621.384
100 1 _aLosee, Ferril.
245 1 0 _aRF systems, components, and circuits handbook
_cFerril A. Losee.
250 _a2nd ed.
260 _aBoston, MA :
_bArtech House,
_c2005.
300 _ap. cm.
440 0 _aArtech House microwave library.
520 1 _a"This extensively revised and updated edition of the 1997 Artech House classic, RF Systems, Components, and Circuits Handbook, serves as a comprehensive, one-stop resource on the latest developments, key technologies, and applications of radio frequency (RF) engineering. Among the numerous updates, the second edition includes brand-new chapters on GPS (global positioning system), and an expanded treatment of wireless communications systems. This practical reference helps engineers design and analyze the performance of RF systems and subsystems, and offers a solid, broad understanding of the many types of systems and equipment in use today."--BK JACKET.
650 0 _aRadio circuits
_xDesign and construction
650 0 _aRadio frequency integrated circuits
_xDesign and construction
942 _cBK
_k621.384 LOS
_2ddc
999 _c8310
_d8310